00766nam a2200217 a 4500008004100000020002200041100002500063245009800088260005600186300003500242440001900277500004600296504004100342650004600383650003000429650004300459700001900502003000100521005001700522040000900539  a0520038339 (pbk.)1 aPerlmutter, David M.10aSyntactic argumentation and the structure of English /cDavid M. Perlmutter and Scott Soames. aBerkeley :bUniversity of California Press,cc1979. axiii, 602 p. :bill. ;c24 cm.1 aCampus ;v231. aAuthors' names in reverse order on cover. aIncludes bibliographical references. 0aGrammar, Comparative and generalxSyntax. 0aEnglish languagexSyntax. 0aEnglish languagexGrammar, Generative.1 aSoames, Scott.20230123133940.0 cNUST